Statistics for Airlines Of O'Hare

Click here to take the quiz!

General Stats

  • This quiz has been taken 464 times
  • The average score is 20 of 41

Answer Stats

Hint Answer % Correct
11American
99%
35United
97%
20Delta
96%
16British Airways
83%
4Air Canada
79%
28Lufthansa
79%
6Air France
78%
25KLM
68%
23JetBlue
67%
24Japan
64%
2Aeromexico
64%
41Iberia
63%
8Alaska
62%
1Aer Lingus
60%
9Alitalia
55%
26Korean Air
53%
27LOT
52%
21Etihad
49%
32Spirit
49%
29Qatar
48%
17Cathay Pacific
45%
34Turkish
45%
40WestJet
44%
7Air India
44%
38Virgin Atlantic
41%
15Avianca
41%
10All Nippon
40%
13Asiana
40%
37Virgin America
38%
14Austrian
36%
36US Airways
33%
31Scandinavian
28%
19Copa
26%
30Royal Jordanian
23%
3Air Berlin
23%
39Volaris
20%
33Swiss International
17%
22Hainan
15%
12American Eagle
14%
5Air Choice One
7%
18Cayman Airways
6%

Score Distribution

Percentile by Number Answered

Percent of People with Each Score

Your Score History

You have not taken this quiz